[Event "47th GER-ch Blitz 2020"]
[Site "Magdeburg"]
[Date "2020.08.15"]
[Round "6.1"]
[White "Donchenko, Alexander"]
[Black "Schneider, Ilja"]
[Result "1/2-1/2"]
[WhiteElo "2646"]
[BlackElo "2479"]
[Annotator "TA"]
[PlyCount "133"]
[EventDate "2020.07.28"]
[EventType "tourn"]
[EventCountry "GER"]
[SourceTitle "playchess.com"]
[Source "ChessBase"]
[SourceQuality "1"]

{[%evp 10,133,20,20,18,18,16,15,58,53,51,60,64,62,41,0,0,0,0,-7,0,-4,-4,-111,-118,-191,-117,-354,-358,-357,-347,-443,-447,-443,-428,-403,-374,-504,-489,-476,-367,-389,-389,-490,-485,-542,-470,-532,-540,-527,-493,-754,-744,-892,-876,-944,-807,-949,-946,-943,-919,-946,-922,-941,-909,-879,-878,-940,-795,-542,-501,-501,-501,-864,-501,-501,-501,-501,-501,-501,-501,-501,-136,-136,0,-501,-501,-501,-501,-494,-494,-494,-494,-494,-491,-491,-491,-491,-491,-466,-295,-476,-357,-887,-887,-872,-295,-295,-295,-295,0,-295,-85,-85,-16,-85,-16,-16,-16,-16,0,-16,0,-22,0,-30]} 1. Nf3 Nf6 2. g3 b5 {[%cal Bb7b5,Bb5b4][%mdl 32]} 3. Bg2 Bb7 4. Na3 a6 5. c4 b4 6. Nc2 e6 {A05: Réti Opening: 1 Nf3 Nf6.} 7. O-O Be7 8. d4 c5 9. d5 exd5 10. Nh4 {[#]} O-O $146 ({Predecessor:} 10... g6 11. Ne3 O-O 12. Nxd5 Nxd5 13. Bxd5 Nc6 14. Nf3 Bf6 15. Bh6 Re8 16. Qd2 Qc7 {1-0 (60) Cosma,I (2459)-Garcia Carbo,M (2324) Padron 2004}) 11. Nf5 Re8 12. Nce3 {[%cal Rc4d5]} Bf8 13. Nxd5 Nxd5 14. Bxd5 Bxd5 15. Qxd5 Nc6 16. Be3 {[#]} (16. e4 $11 {keeps the balance.}) 16... Qf6 $1 $17 17. Qf3 (17. Bf4 $17) 17... Ne5 (17... Qxb2 $19 18. Qd5 Re6) 18. Nh6+ $2 (18. Qf4 $17) 18... Qxh6 $1 $19 19. Qxa8 Qxe3 ({Not} 19... Rxa8 20. Bxh6 gxh6 21. b3 $17) 20. Qxe8 Nf3+ $1 {[%mdl 64] Discovered Attack} 21. exf3 Qxe8 22. Rfe1 Qa8 23. Re4 f5 24. Re3 Kf7 25. Rd1 d6 26. f4 Be7 27. b3 Qc6 28. Rd5 g6 29. Red3 a5 {[%cal Ba6a5,Ba5a4][%mdl 32]} 30. h4 (30. Rd1 $142 Qa8 31. R1d2) 30... h5 31. Rd1 a4 32. R1d3 Bf8 33. Rd1 axb3 34. axb3 Qa6 35. R1d3 Qa2 36. Kg2 Qb2 37. Re3 Qc2 38. Red3 Be7 39. Re3 Bf6 {White must now prevent ...Bd4.} 40. Rxd6 Bd4 41. Rf3 (41. Rd7+ $142 Kf8 42. Rd8+ Kg7 43. Rf3) 41... Qd2 42. Ra6 Qe2 43. Ra7+ Kf6 44. Rb7 {[#]} Qe4 $1 45. Ra7 Bc3 $2 (45... Qc6 $19 {is more deadly.} 46. Ra5 Ke6) 46. Rc7 $17 Bd4 $2 {[%mdl 8192]} (46... Bb2 $17 47. Rxc5 Kf7 48. Rc7+ Kg8) 47. Ra7 $19 Qc6 48. Ra5 Qb7 49. Ra4 Ke6 50. Ra2 Kd6 51. Ra4 Kc7 52. Ra2 Kb8 53. Re2 Qc6 54. Re7 Qd6 55. Re8+ $2 (55. Re2 {was the only chance.}) 55... Kc7 56. Rg8 $2 (56. Re1 Bc3 57. Re2) 56... Qc6 57. Rf8 Kd7 $2 (57... Kd6 58. Rg8 Ke7) 58. Rf7+ Ke6 59. Ra7 Kf6 $2 (59... Bc3 $19 {And now ...Bd4 would win.} 60. Rh7 Bf6) 60. Ra4 $2 {[%mdl 8192]} (60. Ra5 $11 Ke7 61. Ra2) 60... g5 $2 (60... Qb7 $19 {has better winning chances. Hoping for ...Ke7.} 61. Ra2 Ke6) 61. hxg5+ $17 Kg6 ({Better is} 61... Kg7 $17) 62. Ra2 (62. Ra7 $11) 62... Qe4 (62... Qb7 $17) 63. Ra6+ $11 {The position is equal.} Kg7 64. Ra7+ Kg6 65. Ra6+ Kg7 66. Ra7+ Kg6 67. Ra6+ {White happily takes the draw. Accuracy: White = 50%, Black = 64%.} 1/2-1/2

[Event "47th GER-ch Blitz 2020"]
[Site "Magdeburg"]
[Date "2020.08.15"]
[Round "6.2"]
[White "Siebarth, Raiko"]
[Black "Svane, Frederik"]
[Result "0-1"]
[WhiteElo "2333"]
[BlackElo "2421"]
[Annotator "TA"]
[PlyCount "116"]
[EventDate "2020.07.28"]
[EventType "tourn"]
[EventCountry "GER"]
[SourceTitle "playchess.com"]
[Source "ChessBase"]
[SourceQuality "1"]

{[%evp 12,116,26,-1,54,54,73,49,37,-16,9,-66,-77,-75,-72,-78,-64,-78,-62,-105,-81,-95,-96,-114,-129,-126,-146,-268,-256,-272,-247,-374,-241,-227,0,-363,0,-219,-125,-111,-121,-150,-154,-217,-183,-300,-285,-312,-313,-303,-211,-253,-240,-404,-212,-432,0,-19,-13,-25,0,0,0,0,0,0,318,-31,-27,-62,-60,-235,-215,-377,-383,-475,-166,-579,-581,-573,-573,-861,-640,-612,-481,-686,-593,-678,-687,-678,-672,-672,-672,-666,-660,-29980,-29980,-29979,-29980,-29985,-29968,-29958,-6813,-6243,-5802,-29987,-29988]} 1. e4 c5 2. Nc3 e6 3. Nge2 a6 4. g3 b5 5. d4 cxd4 6. Nxd4 Bb7 7. Bg2 Bc5 {B43: Sicilian: Kan Variation: 5 Nc3.} (7... b4 $11 8. Nce2 Nf6) 8. O-O $14 d6 9. a3 Nf6 {White is slightly better.} 10. Be3 ({White should try} 10. Nb3 $14) 10... O-O {[#]} 11. Kh1 $146 (11. Bg5 $11) ({Predecessor:} 11. Qd2 Nbd7 12. b4 Ba7 13. Nb3 Ne5 14. Na5 Nc4 15. Nxc4 bxc4 16. Rad1 Ne8 17. Bxa7 Rxa7 {1-0 (24) Kohl,K (1965)-Ulrich,G (1774) Rowy 2007}) 11... Nbd7 $15 12. f4 Nb6 13. b4 Nc4 14. Bg1 Bb6 15. Qe2 Rc8 16. a4 e5 $1 17. Nf5 Bxg1 $1 18. Rxg1 bxa4 19. Rxa4 (19. Rgd1 $17 g6 20. fxe5) 19... g6 $19 20. Nh4 Qb6 21. Nd1 (21. fxe5 $142 dxe5 22. Rf1) 21... Qc6 22. Nc3 Qb6 (22... Rfe8 $142 23. fxe5 Nxe5) 23. Nd1 $1 Qc6 24. Nc3 Nb6 ({Black should play} 24... Rfe8 $19 25. fxe5 Nxe5) 25. Ra3 $17 Qc4 26. Qe3 Qd4 $36 {[%mdl 2048] Black is on the roll.} ({Don't play} 26... Qxb4 27. Rb3 $17) 27. Nd1 (27. Qxd4 $17 {was called for.} exd4 28. Ne2) 27... Rxc2 28. Rd3 (28. Nf3 $142 Qxe3 29. Nxe3 Nxe4 30. Re1) 28... Qxe3 $19 ({Not} 28... Qxb4 29. Rb3 $14) 29. Nxe3 {[#]} Nxe4 $1 {[%cal Re4f2][%mdl 512]} 30. Rf1 Rc7 31. f5 d5 {Hoping for ...Nf6.} 32. Ng4 $2 (32. Bxe4 dxe4 33. Rd6) 32... d4 (32... g5 $142 33. Nf3 f6) 33. Nxe5 $2 {[#]} (33. Kg1 g5 34. Bxe4 Bxe4 35. Nf6+ Kh8 36. Nxe4 gxh4 37. Ra3) 33... Nd6 $2 ({Better is} 33... Nf2+ $1 $19 {[%mdl 512]} 34. Kg1 (34. Rxf2 Rc1+) 34... Nxd3 35. Nxd3 Bxg2 36. Nxg2 Rc3) 34. Rxd4 Bxg2+ 35. Kxg2 Rc2+ 36. Kh3 Nb5 37. Rg4 Rc7 38. fxg6 hxg6 $2 {[%mdl 8192] [#]} (38... fxg6 $11 39. Ra1 Nd7 40. Nxd7 Rxd7) 39. Nhf3 $2 (39. Nhxg6 $1 $18 {[%mdl 512] Threatening mate with Ne7+!} fxg6 40. Rxg6+ {[%mdl 64] Double Attack} Rg7 41. Rxf8+ Kxf8 42. Rxb6) 39... Nd5 $15 {aiming for ...Ne3.} 40. Ng5 Ne3 $1 {[%csl LRf1,LRg4]} 41. Rff4 $2 {Now White is beyond hope.} (41. Rf6 $15 Nxg4 42. Kxg4) 41... Nxg4 $19 42. Nxg4 $2 (42. Kxg4 f5+ 43. Kh4) 42... Kg7 43. Nf6 Rc2 $2 (43... Rh8+ 44. Kg4 Rc6) 44. Nge4 $2 (44. Nfh7 {was the crucial defense.} Rh8 45. Rxf7+ Kh6 46. Rf4) 44... Rh8+ 45. Kg4 Rcxh2 46. Nd7 Nd4 {Threatens to win with ...f5+.} 47. Ndf6 Nf5 48. Kf3 (48. Rf3 $142) 48... Rc8 49. g4 Nd4+ 50. Ke3 Nc2+ 51. Kf3 Ne1+ 52. Kg3 Rg2+ 53. Kh3 Rh8+ 54. Nh5+ gxh5 {[%csl Gg2][%cal Rh5g4]} 55. g5 {[#]} Rg4 $1 56. Rxg4 hxg4+ 57. Kxg4 Nd3 58. Nc5 Nxc5 {Accuracy: White = 37%, Black = 62%.} 0-1

[Event "47th GER-ch Blitz 2020"]
[Site "Magdeburg"]
[Date "2020.08.15"]
[Round "6.3"]
[White "Hess, Max"]
[Black "Reichmann, Hendrik"]
[Result "1-0"]
[WhiteElo "2378"]
[BlackElo "2348"]
[Annotator "TA"]
[PlyCount "102"]
[EventDate "2020.07.28"]
[EventType "tourn"]
[EventCountry "GER"]
[SourceTitle "playchess.com"]
[Source "ChessBase"]
[SourceQuality "1"]

{[%evp 9,102,30,39,52,68,43,44,41,41,44,65,37,49,25,116,89,126,123,117,77,120,55,65,64,192,185,204,198,247,243,226,204,270,265,266,160,150,150,146,139,161,156,255,214,299,285,255,35,35,-168,3363,96,80,88,156,74,99,0,0,0,66,75,94,98,95,88,89,93,91,89,90,0,90,-535,-525,-516,-504,-481,-388,-328,0,-488,-461,-455,-444,-29979,-29980,-29981,-29982,-29982,-29982,-29982,-29982,-29982,-29982]} 1. e4 g6 2. d4 Bg7 3. Nc3 d6 4. Be3 a6 5. Qd2 Nd7 6. h4 {B06: Modern Defence.} h6 7. Nh3 b5 8. f3 {White is slightly better.} Bb7 9. O-O-O Rc8 10. Nf2 c5 11. Kb1 c4 {[#]} (11... cxd4 $11 12. Bxd4 Ngf6) 12. Ne2 $146 ({Predecessor:} 12. f4 b4 13. Ne2 c3 14. bxc3 Ngf6 15. Qd3 bxc3 16. Nxc3 Qc7 17. Bd2 Nb6 18. e5 {1-0 (28) Rettore,L (2171)-Barberi,A (2156) Milan 2008}) 12... e6 13. g4 Ne7 14. Bh3 Nb6 15. g5 ({White should play} 15. c3 $16) 15... h5 16. d5 $1 $36 {[%cal Rd5e6][%mdl 2048] Black is under pressure.} exd5 (16... c3 $1 $14 17. Bxb6 (17. bxc3 Nc4 $11) 17... Qxb6 18. Nxc3 Rxc3 19. bxc3 exd5) 17. Bxc8 $18 Nexc8 18. Bd4 O-O 19. Bxg7 Kxg7 20. Qd4+ Kh7 21. Ng4 {And now Nf6+ would win.} Nd7 (21... hxg4 $2 22. h5 $18) 22. Nf6+ Nxf6 23. gxf6 ({Much worse is} 23. Qxf6 $6 Qxf6 24. gxf6 dxe4 $11) 23... dxe4 24. fxe4 Re8 25. Ng3 $1 Qd7 (25... Re6 $16 {keeps fighting.}) 26. Rhg1 Re6 27. e5 Qc7 28. Nf5 $2 (28. Nxh5 $18 dxe5 29. Qg4) 28... Rxe5 $14 ({Weaker is} 28... gxf5 29. Rg7+ Kh8 30. Qf4 Rxf6 31. exf6 Be4 32. Qh6#) ({Worse is} 28... dxe5 29. Qe3 gxf5 30. Rg7+ Kh8 31. Qh6#) 29. Nxd6 $2 (29. Rgf1 $14 {keeps the upper hand.}) 29... Nxd6 $4 {[%mdl 8192]} (29... Rd5 $19 30. Nxf7 Qxf7) 30. Qxd6 $2 (30. Qxe5 $18 {and the rest is easy.} Bc8 31. Rxd6 Qa7 32. Rf1 Be6 33. Rxe6 b4 34. Re7 $1 {[%mdl 512]} b3 35. Rxa7) 30... Qxd6 $16 31. Rxd6 $14 {[%mdl 4096] Endgame KRR-KRB} Be4 (31... a5 $142) 32. Rd7 ({White should try} 32. Rxa6 Rf5 33. Rb6) 32... Bd5 $16 33. Rd1 (33. c3 $16) 33... Be6 $11 34. Ra7 b4 (34... g5 $11) 35. Rxa6 $14 b3 36. cxb3 cxb3 37. axb3 Bxb3 38. Rh1 Bd5 39. Rh2 Bb3 {[%cal Re5e1]} 40. Rh1 Bd5 $1 {[%cal Rd5h1]} 41. Rf1 $2 {[%mdl 8192]} (41. Rg1 $16 {keeps the pressure on.}) 41... Bc4 $19 {[%mdl 64] Double Attack} 42. Ra7 Bxf1 43. Rxf7+ {KRB-KR} Kh6 44. Rf8 {[%cal Rf8h8] [#]} Kh7 (44... Re1+ $142 $1 45. Kc2 Kh7 46. Rf7+ Kg8 47. Rg7+ Kf8 48. Rxg6 Re4) 45. Rf7+ $1 Kg8 46. Rg7+ Kf8 47. Ka2 (47. Kc1 $19) 47... Bc4+ {Black mates.} 48. b3 Bf7 49. Ka3 Rf5 50. b4 Rxf6 51. Rh7 Kg8 {[%mdl 32768] What a bad dream for White. Accuracy: White = 50%, Black = 59%. . Sensor Board Error (Ke4/e5)?} 1-0

[Event "47th GER-ch Blitz 2020"]
[Site "Magdeburg"]
[Date "2020.08.15"]
[Round "6.4"]
[White "Kopylov, Michael"]
[Black "Svane, Rasmus"]
[Result "0-1"]
[WhiteElo "2407"]
[BlackElo "2613"]
[Annotator "TA"]
[PlyCount "46"]
[EventDate "2020.07.28"]
[EventType "tourn"]
[EventCountry "GER"]
[SourceTitle "playchess.com"]
[Source "ChessBase"]
[SourceQuality "1"]

{[%evp 9,46,23,12,20,31,33,33,16,15,14,13,0,0,0,7,-28,-32,-52,-51,-54,-40,-58,-55,-104,-86,-361,-361,-390,-368,-368,-360,-530,-412,-472,-492,-516,-522,-587,-571]} 1. d4 d5 2. c4 e6 3. Nf3 a6 4. cxd5 exd5 5. Nc3 Nf6 6. Bg5 {D37: Queen's Gambit Declined: 5 Bf4.} Be6 7. e3 Nbd7 8. Be2 {White is slightly better.} Bd6 9. O-O c6 $1 {[%mdl 4] [#] now scores much better than the old 9...0-0.} 10. Qb3 $146 ({Predecessor:} 10. Bh4 O-O 11. Qc2 h6 12. Bg3 Bxg3 13. hxg3 Re8 14. Bd3 Rc8 15. Rac1 Qe7 16. Rfe1 {0-1 (65) Rychagov,A (2545)-Sunilduth Lyna,N (2618) chess.com INT 2020}) 10... Qc7 11. Rac1 O-O 12. Bh4 Ne4 13. Bg3 Nxg3 14. hxg3 Nf6 15. Rfd1 g6 16. a4 a5 17. Nb5 $2 {[%mdl 8192] Now White is beyond hope.} (17. Ng5 $17 {is a better defense.}) 17... Qb6 $19 {[%mdl 64] [#] Pin} 18. Ne5 cxb5 19. Bxb5 Rfc8 20. f3 (20. Nd3 $142) 20... h5 21. Kh2 Kg7 {Black is clearly winning.} 22. Rc3 Rxc3 23. bxc3 Qc7 {Accuracy: White = 53%, Black = 95%.} 0-1

[Event "47th GER-ch Blitz 2020"]
[Site "Magdeburg"]
[Date "2020.08.15"]
[Round "6.5"]
[White "Berger, Steve"]
[Black "Koch, Thomas"]
[Result "0-1"]
[WhiteElo "2408"]
[BlackElo "2461"]
[Annotator "TA"]
[PlyCount "76"]
[EventDate "2020.07.28"]
[EventType "tourn"]
[EventCountry "GER"]
[SourceTitle "playchess.com"]
[Source "ChessBase"]
[SourceQuality "1"]

{[%evp 19,76,12,32,18,37,13,12,15,20,0,23,5,16,19,45,0,0,-30,-7,-7,-7,-62,-56,-45,0,-23,-10,-29,113,0,69,-12,0,0,0,0,66,-30,0,0,0,-42,103,0,0,-12,0,0,0,-8,19,-229,-202,-200,-177,-170,-167,-315,-328]} 1. e4 c5 2. Nc3 Nc6 3. Nge2 g6 4. d4 cxd4 5. Nxd4 Bg7 6. Be3 d6 7. Qd2 Nf6 8. f3 O-O 9. Bc4 Bd7 10. h4 h5 (10... Ne5 $5 {[%cal Re5c4]} 11. Bb3 Rc8 $11) 11. Bb3 {B77: Sicilian Dragon: Yugoslav Attack, 9 Bc4 sidelines.} Na5 12. Bh6 Rc8 13. Bxg7 {The position is equal.} Kxg7 14. O-O-O Rc5 15. Kb1 {[#]} b5 $146 ({Predecessor:} 15... Qb6 16. Nd5 Nxd5 17. exd5 Rfc8 18. Rhe1 Nxb3 19. axb3 Re8 20. c4 {½-½ (20) Usun,T (2052)-Tasdogen,D (2287) Antalya 2018}) 16. Rhe1 Nc4 17. Bxc4 $1 bxc4 18. Qf2 Qa5 19. Ka1 Rb8 20. Rb1 (20. Qd2 $11) 20... e5 $15 21. Nde2 Be6 22. Red1 Qa6 23. Qe3 Rb6 (23... Ra5 $11 {remains equal.}) 24. Rd2 (24. Rxd6 $1 $16 Rxd6 25. Qxc5) 24... Rcc6 (24... Rc8 $11) 25. Rg1 (25. g4 $1 $14) 25... Qa5 26. Rdd1 Qb4 {[%csl Gb6][%cal Rb4b2] [#]} 27. Rb1 $1 Rb8 (27... Rc5 $11) 28. Qd2 (28. Qg5 $14) 28... Qb6 29. Rgd1 Qa6 30. Re1 Nd7 (30... d5 $15 {keeps the upper hand.}) 31. Nc1 (31. g4 $16) 31... Nc5 32. a3 Qa5 33. N1a2 Rcb6 34. Red1 Qa6 35. Nd5 $2 {This move loses the game for White.} (35. g4 $11 {and White has nothing to worry.}) 35... Bxd5 $1 $19 36. Qxd5 Ne6 37. Qd2 Nd4 38. Qc3 {[#]} (38. Nc3 $142) 38... Rb3 $1 {[%mdl 512] Accuracy: White = 54%, Black = 65%.} 0-1

[Event "47th GER-ch Blitz 2020"]
[Site "Magdeburg"]
[Date "2020.08.15"]
[Round "6.6"]
[White "Schoewel, Matthias"]
[Black "Meier, Georg"]
[Result "1/2-1/2"]
[WhiteElo "2218"]
[BlackElo "2621"]
[Annotator "TA"]
[PlyCount "143"]
[EventDate "2020.07.28"]
[EventType "tourn"]
[EventCountry "GER"]
[SourceTitle "playchess.com"]
[Source "ChessBase"]
[SourceQuality "1"]

{[%evp 9,143,38,52,41,56,68,74,7,-10,8,23,-18,0,0,28,20,25,0,0,-4,0,-59,-51,-41,-52,-96,-94,-96,-44,-42,0,0,0,0,0,0,14,-81,-65,-83,-66,-65,-16,-15,-17,-18,0,0,0,0,0,-43,-43,-43,-42,-35,-35,-79,-79,-160,-94,-243,-227,-195,-185,-174,0,-348,-15,-15,0,-186,-186,-186,-186,-186,-193,-214,0,0,0,-313,0,-569,678,-1477,-1044,-606,-459,-1157,-1404,-12831,-12834,-12834,-12834,-12833,-12831,-12838,-12839,-12838,-12839,-12840,-12840,-12844,-12832,-791,-71,-96,0,-29,0,-133,0,-148,0,0,0,0,0,0,0,0,0,0,0,0,0,0,0,0,0,0,0,0,0,0]} 1. e4 e6 2. d4 d5 3. exd5 exd5 4. Nf3 Bf5 5. Bd3 Ne7 6. O-O {C01: French: Exchange Variation.} Nbc6 7. Re1 Qd7 {[#]} 8. Ne5 $146 (8. b4 $16) ({Predecessor:} 8. Bxf5 Qxf5 9. Nbd2 O-O-O 10. Nb3 Ng6 11. c3 Bd6 12. Be3 Rhe8 13. Qb1 Qxb1 14. Raxb1 {½-½ (46) Donchenko,A (2663)-Meier,G (2567) Playchess.com INT 2020}) 8... Nxe5 $11 9. dxe5 O-O-O 10. Nc3 Nc6 11. Bg5 {Threatens to win with Bxf5.} Be7 12. Bxe7 Nxe7 13. Qf3 Bxd3 14. Qxd3 Qf5 15. Qd4 (15. Rad1 $11) 15... Nc6 $15 16. Qc5 $1 d4 17. Nd5 Rhe8 $1 18. b4 Qd7 (18... Kb8 $17 19. c4 dxc3 20. Nxc3 a6) 19. Nf4 Qe7 20. Qxe7 Rxe7 21. Nd3 Rd5 22. f4 a5 23. Rab1 (23. a3 $11) 23... axb4 24. Nxb4 Nxb4 25. Rxb4 $17 {[%mdl 4096] Endgame KRR-KRR} b6 26. Rd1 Red7 27. Kf2 d3 28. cxd3 Rxd3 29. Rxd3 Rxd3 $11 {KR-KR} 30. Ke2 Ra3 31. Rb2 h5 32. Rd2 g6 33. Kf2 b5 34. g3 (34. Ke2 $142) 34... b4 (34... Kb7 $142 35. Ke1 Kb6) 35. Kg2 (35. Rb2 $17 {was worth a try.}) 35... c5 36. Rc2 Rc3 $1 {[%cal Rc3c2]} 37. Rd2 Ra3 $2 (37... Kc7 $19 38. Kh3 Ra3) 38. Kh3 $2 {[%mdl 8192]} (38. Rc2 $11 {and White has nothing to worry.}) 38... c4 $2 (38... Kc7 $19 39. Kh4 Kc6) 39. Rd4 Rc3 40. Kh4 $2 (40. Rd5 $11) 40... Kc7 $19 41. Kg5 Kc6 42. Kf6 Kc5 43. Rd8 Rc2 $2 (43... Ra3 $19 44. Rc8+ Kd5 45. Kxf7 Rxa2) 44. Kxf7 Rxa2 {aiming for ...c3.} 45. e6 $2 {[%mdl 8192]} (45. Rc8+ $1 $11 Kd5 46. e6) 45... Re2 $2 ({Black should try} 45... c3 $1 $19 {White must now prevent ...Re2.} 46. Rc8+ Kd4 47. Rd8+ Ke3) 46. e7 $2 {[%mdl 8192]} (46. Rc8+ $1 $11 {and White is okay.} Kd4 47. Rb8) 46... b3 $4 {[%mdl 8192]} (46... c3 $19 47. Rc8+ Kd4 48. Rd8+ Kc4) 47. e8=Q $4 {[%mdl 8192]} (47. Rb8 $18) 47... Rxe8 48. Rxe8 {KR-KP} b2 49. Rb8 (49. Rc8+ $142 Kd6 50. Rb8 (50. Rd8+ $2 Kc7 $19)) 49... c3 50. Kxg6 c2 51. Rxb2 c1=Q {KQ-KR} 52. Re2 {[#]} h4 $1 53. Re5+ (53. gxh4 Qxf4) 53... Kd6 54. Kg5 {[#]} h3 $1 55. Kg4 {[#]} Qf1 $1 {[%cal Rf1g2]} 56. Rh5 Ke6 57. Rh6+ Kf7 $2 (57... Kd5 $19 {has better winning chances. And now ...Ke4 would win.} 58. Rxh3 Qe2+ 59. Kg5 Qe7+ 60. Kg4 Qd7+ 61. f5 Ke5) 58. Rxh3 $17 Kg6 (58... Qe2+ $17 59. Kg5 Qe7+ 60. Kg4 Qe6+ 61. f5 Qe4+ 62. Kg5 Qe3+ 63. Kg4 Kf6) 59. Rh8 $11 Kg7 60. Rd8 (60. Re8 $11) 60... Qg2 (60... Qe2+ $17 61. Kh3 Qe6+ 62. Kg2 Qc6+ 63. Kh3 Qf6) 61. Rd6 (61. Re8 $11 {remains equal.}) 61... Qxh2 (61... Qe2+ $17 62. Kh3 Qc2) 62. Re6 {The position is equal.} Kf7 63. Re5 Qd2 64. Rg5 Qd3 (64... Qe1 $5 65. Rf5+ $8 Kg7 66. Rg5+ Kf6 67. Rf5+ Kg6 68. Rg5+ Kf7 69. Rf5+ Kg8 70. Rg5+ Kh7 71. Rh5+ Kg8 72. Rg5+ Kf8 73. Rf5+ Kg8 74. Rg5+ $11) 65. Kh4 Kf6 66. Kg4 Qe2+ 67. Kh4 Qd1 {Hoping for ...Qh1+.} 68. Kh3 Qd7+ 69. Kg2 Qc6+ 70. Kh3 Qf3 {Strongly threatening ...Qf1+.} 71. Kh2 Kf7 {...Qf1 is the strong threat.} 72. Kh3 {Black had all chances to win. Accuracy: White = 62%, Black = 69%.} 1/2-1/2

[Event "47th GER-ch Blitz 2020"]
[Site "Magdeburg"]
[Date "2020.08.15"]
[Round "6.8"]
[White "Krause, Benedict"]
[Black "Dobrikov, Marco"]
[Result "0-1"]
[WhiteElo "2425"]
[BlackElo "2290"]
[Annotator "TA"]
[PlyCount "124"]
[EventDate "2020.07.28"]
[EventType "tourn"]
[EventCountry "GER"]
[SourceTitle "playchess.com"]
[Source "ChessBase"]
[SourceQuality "1"]

{[%evp 11,124,23,18,15,27,36,39,24,35,37,37,29,17,23,96,103,92,100,120,91,117,106,230,145,291,46,201,195,216,200,241,256,467,477,441,422,822,811,896,742,841,587,871,582,714,516,618,188,222,0,13,29,39,37,29,27,27,29,35,0,43,0,85,9,238,213,212,-700,-695,-693,-677,-622,-413,-396,-360,-350,0,-537,-397,-722,-652,-679,-634,-606,-619,-572,-540,-964,-859,-1276,-1277,-5480,-5480,-3688,-2599,-6814,-6745,-6288,-5556,-29974,-29975,-29975,-29976,-6199,-5185,-29982,-29976,-29986,-29977,-29977,-29978,-29978,-29979,-29975,-29976]} 1. e4 c5 2. Nf3 d6 3. d4 cxd4 4. Nxd4 Nf6 5. Nc3 a6 6. Bg5 Nbd7 7. Qe2 {B94: Sicilian Najdorf: 6 Bg5 Nbd7.} h6 8. Bh4 g6 9. f4 {White is slightly better.} e5 10. fxe5 dxe5 11. O-O-O Qc7 12. Nb3 $36 {[%mdl 2048] Black is under pressure.} Be7 (12... b5 $11) 13. Qf3 $16 {Black must now prevent Rxd7!} g5 14. Bg3 Nb6 {White should prevent ...Bg4.} 15. Be2 Be6 {[#]} 16. Kb1 $146 ({Predecessor:} 16. Rhf1 Rc8 17. Nd4 Nbd7 18. Kb1 Qb6 19. Nxe6 fxe6 20. Bf2 Qc6 21. Qh3 h5 22. Qe3 {0-1 (49) Michalczak,T (2304)-Van der Stricht,G (2373) Belgium 2020}) 16... Kf8 (16... O-O $16) 17. Rhf1 Kg7 (17... Rc8 $16 18. Nd4 {[%mdl 64] Pin} Kg8) 18. Qe3 $2 (18. Nd5 $18 Nbxd5 19. exd5) 18... Nbd7 $2 (18... Rad8 $14) 19. Nd5 $18 Bxd5 20. exd5 Bd6 21. c4 e4 $2 (21... Rac8 {was called for.} 22. Rc1 Bc5) 22. Bxd6 Qxd6 23. Nd4 Qxh2 (23... Kh7 $142 24. Nf5 Qf8) 24. g3 Qh3 25. Nf5+ Kg6 26. Qd4 Rhe8 27. c5 Ne5 28. d6 Rad8 {[#]} 29. Qc3 $2 (29. g4 $1 {[%mdl 512]}) 29... Rd7 30. Ne7+ $2 (30. Nd4 $18) 30... Rdxe7 31. dxe7 Rxe7 32. Rd6 Re6 33. Bc4 {Strongly threatening Rxe6.} Rxd6 34. cxd6 Ned7 35. Be2 {[%mdl 1024] White has compensation.} Qe6 36. Qd4 b5 {[#]} (36... h5 $11) 37. Bd1 (37. a4 $1 $16) 37... e3 $2 (37... Qh3 $11 {and Black stays safe.} 38. Qf2 Qe6) 38. Bc2+ Kg7 39. Bf5 $4 {[%mdl 8192]} (39. Re1 $18) 39... e2 $19 40. Re1 Qxf5+ 41. Kc1 Kg6 42. Rxe2 Nd5 43. Kd2 N5f6 $2 (43... h5 $19 {Hoping for ...N5f6.} 44. Qd3 Nc5 45. Qxf5+ Kxf5) 44. a3 $2 {[%mdl 8192]} (44. Kc1 $1 $11 {and White has nothing to worry.} h5 45. b4) 44... h5 45. a4 $2 (45. Kc3) 45... bxa4 46. Qxa4 Qd5+ 47. Kc1 Qxd6 48. Qc2+ Kg7 49. Rd2 Qxg3 50. Qf5 Qg1+ 51. Kc2 Qc5+ 52. Qxc5 Nxc5 53. b4 Ne6 54. Rd6 h4 55. Rxa6 h3 56. Ra1 g4 57. b5 Nd5 58. Kd3 g3 {Black mates.} 59. Ke4 Nc3+ 60. Kf3 g2 61. Kg3 g1=Q+ {[%mdl 64] Decoy} 62. Rxg1 Ne2+ {[%mdl 64] Double Attack. Accuracy: White = 48%, Black = 41%.} 0-1